Οι αμέτρητες όψεις του ωραίου στην αρχαία τέχνη = The countless aspects of beauty in ancient art

Αποθηκεύτηκε σε:
Λεπτομέρειες βιβλιογραφικής εγγραφής
Συλλογικό Έργο: Εθνικό Αρχαιολογικό Μουσείο, Ελλάδα. Υπουργείο Πολιτισμού και Αθλητισμού
Άλλοι συγγραφείς: Λαγογιάννη-Γεωργακαράκου, Μαρία (edtf)
Μορφή: Βιβλίο
Γλώσσα:Greek
Δημοσίευση: Αθήνα : Ταμείο Αρχαιολογικών Πόρων και Απαλλοτριώσεων, c2018.
Θέματα:
Ετικέτες: Προσθήκη ετικέτας
Δεν υπάρχουν, Καταχωρήστε ετικέτα πρώτοι!

MARC

LEADER 00000nam a2200000 a 4500
001 1/126462
008 230427s2018####gr da ||| |||| ||gre||
020 |a 9789603863687  
040 |a GR-MyUa  |b gre  |c GR-MyUa  |e AACR2 
041 0 |a gre 
082 7 |a 709.38   |2 (23) 
245 0 3 |a Οι αμέτρητες όψεις του ωραίου στην αρχαία τέχνη =   |b The countless aspects of beauty in ancient art /   |c επιμέλεια Μαρία Λαγογιάννη-Γεωργακαράκου.  
246 1 |i Παράλληλος τίτλος:   |a The countless aspects of beauty in ancient art  
260 |a Αθήνα :   |b Ταμείο Αρχαιολογικών Πόρων και Απαλλοτριώσεων,   |c c2018.  
300 |a 504 σ. :   |b εικ., πιν. ;   |c 30 εκ.  
500 |a Κατάλογος έκθεσης που έλαβε χώρα στο Εθνικό Αρχαιολογικό Μουσείο, Ελλάδα, 25 Μαΐου - 17 Ιουνίου, 2018.  
504 |a Περιλαμβάνει βιβλιογραφικές παραπομπές.  
650 0 |a Art, Ancient  |x Exhibitions. 
650 0 |a Human figure in art  |v Exhibitions. 
650 0 |a Aesthetics  |x History. 
700 1 |a Λαγογιάννη-Γεωργακαράκου, Μαρία,  |e edtf 
710 2 |a Εθνικό Αρχαιολογικό Μουσείο. 
710 1 |a Ελλάδα.   |b Υπουργείο Πολιτισμού και Αθλητισμού. 
740 4 |a The countless aspects of beauty in ancient art.  
852 |a INST  |b LESVOS  |e 20230427  |h 709.38 ΑΜΕ  |p 005100064717  |q 005100064717  |t BK  |y 0 
970 |a Καμάτσου  |b Δέσποινα  |z 27-04-2023